Responses for Show #5732 - Tuesday, July 7, 2009

Ask Alex #23: Name.

Contestants

[<< previous game]

John Hashop, an actor from Astoria, New York

Alyssa McRae, a gift card production designer from Philadelphia, Pennsylvania

Joe Webb, an American lit doctoral student from St. Louis, Missouri (whose 1-day cash winnings total $28,801)

[next game >>]

Jeopardy! Round responses

WORLD WIDE WEBS
CELEBRITY LIPSTICKS
S.O.S.
NELSON MANDELA
BACK TO BUSINESS
CROSSWORD CLUES "T"
    $200 21
a net

Joe
    $200 16
(Lindsay) Lohan

Joe
    $200 26
Morse code

Joe
    $200 6
the Nobel Peace Prize

Alyssa
    $200 11
Nintendo

John
    $200 1
Turk

John
    $400 22
wind

John
    $400 17
Beyoncé

Joe
    $400 27
"Son of Sam"

Alyssa
    $400 7
the 1960s

Joe
    $400 12
Levi's

John
    $400 2
tongs

Joe
    $600 23
(John: What is an egg sac?)
[Initially ruled incorrect; reversed before Daily Double at clue 30.]

cocoons

John
    $600 18
Lost

Alyssa
    $600 28
Secretary of State

Alyssa
    $600 8
(Alex: It's right near [*]. I've visited there. Very interesting.)

Cape Town

Triple Stumper
    $600 13
DreamWorks

John
    $600 3
Thumper

Alyssa
    $800 24
(Alex: Yes, I'm surprised that Alyssa didn't get in first on that one, but you pick, Joe.)

St. Andrew

Joe
    $800 19
24

Joe
    $800 29
strength of schedule

Alyssa
    $800 9
Freedom

Joe
    $800 14
(John: What is Virgin?)
(Alex: Be more specific.)

Virgin Mobile

John
    $800 4
towhead

John
    $1000 25
hub

John
    $1000 20
Scrubs

Alyssa
    $1,100 30
sink or swim

Alyssa
    $1000 10
the African National Congress

Joe
    $1000 15
General Electric

John
    $1000 5
(John: What is treacle?)

tallow

John
Triple Stumper

Scores at the first commercial break (after clue 15):

Joe Alyssa John
$2,600 $800 $3,000

Scores at the end of the Jeopardy! Round:

Joe Alyssa John
$5,200 $5,300 $5,000

Double Jeopardy! Round responses

PLAYWRIGHTS
HBO
FILL IN THE BLANK CANVAS
CHICKEN SOUP
FOR THE SOLE
USE A GOOD "STOCK"
    $400 1
Tennessee Williams

John
    $400 11
Curb Your Enthusiasm

John
    $400 16
(Joe: What is Sins?)

Delights

JoeJohn
    $400 21
Chicken Little

John
    $400 30
Wynken, Blynken & Nod

Alyssa
    $400 6
stocking stuffer

Joe
    $800 2
Ibsen

Joe
    $800 12
Big Love

John
    $800 17
Grass

John
    $800 22
"A chicken in every pot"

John
    $800 29
goody two-shoes

Triple Stumper
    $800 7
a laughingstock

John
    $1200 3
Lillian Hellman

John
    $1200 13
Six Feet Under

Alyssa
    $6,000 18
(John: What is Purple?)

Sleeping

John
    $1200 23
Alaska

Alyssa
    $1200 28
(Alyssa: Who is the Pope?)

the Dalai Lama

Alyssa
Triple Stumper
    $1200 8
Stockholm

Alyssa
    $1600 4
William Inge

John
    $1600 14
Flight of the Conchords

Alyssa
    $1600 19
May

John
    $1600 24
Chicken George

Joe
    $4,000 26
(Joe: Who is... Fidel Castro?)

Nikita Khrushchev

Joe
    $1600 9
the Comstock Lode

Joe
    $2000 5
Lorraine Hansberry

John
    $2000 15
(John: What is In Therapy?)

In Treatment

John
Triple Stumper
    $2000 20
Jacob

John
    $2000 25
the rubber chicken circuit

Triple Stumper
    $2000 27
sabotage

Joe
    $2000 10
livestock

Alyssa

Scores at the end of the Double Jeopardy! Round:

Joe Alyssa John
$7,200 $11,700 $10,200

[wagering suggestions for these scores]

Final Jeopardy! Round responses

EUROPEAN REGIONS
JoeWhat is the Dracula Tree-Forest?
$0
JohnWhat is The Bloody Forest
$3,001
AlyssaWhat is Transylvania?
$8,701
Transylvania

Final scores:

Joe Alyssa John
$7,200 $20,401 $7,199
2nd place: $2,000 New champion: $20,401 3rd place: $1,000

Game dynamics:

Coryat scores:

Joe Alyssa John
$11,200 $11,600 $16,200
15 R,
2 W
(including 1 DD)
14 R
(including 1 DD),
1 W
23 R,
3 W
(including 1 DD)

Combined Coryat: $39,000

[game clues] [game scores] [suggest correction]

Game tape date: 2009-03-25
The J! Archive is created by fans, for fans. Scraping, republication, monetization, and malicious use prohibited; this site may use cookies and collect identifying information. See terms. The Jeopardy! game show and all elements thereof, including but not limited to copyright and trademark thereto, are the property of Jeopardy Productions, Inc. and are protected under law. This website is not affiliated with, sponsored by, or operated by Jeopardy Productions, Inc. Join the discussion at JBoard.tv.